000
00247nam a2200097Ia 4500
001
734201
005
20250826163829.0
008
250824s9999 xx 000 0 und d
245
0
_a
AMA BU ÇOCUK DEFOLU
_c
SUZAN GERİDÖNMEZ
260
_b
TUDEM YAYINLARI
999
_c
734201
_d
734201